|
|
|
|
| LEADER |
01174cam a2200361 a 4500 |
| 001 |
000043726 |
| 003 |
1769 |
| 005 |
20060601152425.0 |
| 008 |
010217b1999 vm 000 eng |
| 020 |
|
|
|a 0072375795
|
| 040 |
|
|
|a LRC
|c LRC
|d LRC
|
| 041 |
0 |
|
|a eng
|
| 082 |
1 |
4 |
|a 004.678
|b GR-R
|
| 100 |
1 |
|
|a Greenlaw, Raymond.
|
| 245 |
1 |
0 |
|a Student solutions manual to accompany in-line/on-line :
|b fundamentals of the Internet and the World Wide Web /
|c Raymond Greenlaw, Ellen Hepp.
|
| 260 |
|
|
|a Boston :
|b McGraw-Hill,
|c 1999.
|
| 300 |
|
|
|a x, 148 p. ;
|c 23.5 cm.
|
| 630 |
0 |
4 |
|a Computers.
|
| 650 |
0 |
4 |
|a Internet.
|
| 650 |
0 |
4 |
|a World Wide Web.
|
| 700 |
1 |
|
|a Hepp, Ellen.
|
| OWN |
|
|
|a DUT
|
| AVA |
|
|
|a UDN50
|b DUT
|c Book
|d 004.678 GR-R
|e available
|t Error 5001 Not defined in file expand_doc_bib_avail.
|f 1
|g 0
|h N
|i 0
|j SH
|k 1
|
| 999 |
|
|
|a From the UDN01
|
| AVA |
|
|
|a UDN50
|b DUT
|c Book
|d 004.678 GR-R
|e available
|t Error 5001 Not defined in file expand_doc_bib_avail.
|f 1
|g 0
|h N
|i 0
|j SH
|k 1
|
| TYP |
|
|
|a Monograph
|
| TYP |
|
|
|a Printed language
|
| 980 |
|
|
|a Mạng thư viện Đại học Đà Nẵng
|